Biological plant protection /

Bibliographic Details
Other Authors: Shapa, V. A.
Format: Book
Language:English
Published: New Delhi : Oxonian Press, [1986]
Subjects:

MARC

Tag First Indicator Second Indicator Subfields
LEADER 00000cam a2200000 a 4500
001 in00000596830
005 20151014094659.0
008 860411s1986 ii b 00010 eng
010 |a  85905123  
020 |a 8120500423 :  |c Rs85.00 
035 |a (OCoLC)14398673 
035 |9 ACR1888AM 
040 |a DLC  |c DLC  |d m/c  |d TXA  |d UtOrBLW 
041 0 |a eng  |h rus 
049 |a TXAM  |c [A12543558] 
050 0 0 |a SB933.3  |b .B55613 1986 
082 0 |a 632/.7  |2 19 
245 0 0 |a Biological plant protection /  |c chief editor, V.A. Shapa. 
264 1 |a New Delhi :  |b Oxonian Press,  |c [1986] 
264 4 |c ©1986 
300 |a viii, 84 pages ;  |c 25 cm. 
336 |a text  |b txt  |2 rdacontent 
337 |a unmediated  |b n  |2 rdamedia 
338 |a volume  |b nc  |2 rdacarrier 
500 |a Translation of: Biologicheskaia zashchita rastenii. 
504 |a Includes bibliographies. 
650 0 |a Insect pests  |x Biological control. 
650 0 |a Plant parasites  |x Biological control. 
700 1 |a Shapa, V. A. 
999 |a MARS 
999 f f |s 0393965b-cf0f-3de9-a4aa-c51d2eed6e35  |i 317132a2-4379-3f79-b909-d317b4831bbf  |t 0 
952 f f |p ric  |a Texas A&M University  |b Rellis Campus  |c Joint Library Facility  |d Remote Storage  |t 0  |e SB933.3 .B55613 1986  |h Library of Congress classification  |i unmediated -- volume  |m A14812543558 
998 f f |a SB933.3 .B55613 1986  |t 0  |l Remote Storage